LEADER 01265nam--2200421---450- 001 990002903870203316 005 20070416135530.0 035 $a000290387 035 $aUSA01000290387 035 $a(ALEPH)000290387USA01 035 $a000290387 100 $a20070416d1926----km-y0itay50------ba 101 $afre 102 $aFR 105 $a||||||||001yy 200 1 $a<> vie amoureuse de Cleopatre$fMyriam Harry 210 $a[Paris]$cE. Flammarion$d[1926] 215 $a215 p.$d18 cm 225 2 $aLeurs amours 300 $aMyriam Harry pseud. di : Perrault-Harry, M.me Émile 410 0$12001$aLeurs amours 454 1$12001 461 1$1001-------$12001 600 0 $aCleopatra ; 7.$xBiografia$cRegina d'Egitto$z30 a.C. 606 0 $aEgitto$xStoria$z332-30 a.C. 676 $a932.021092 700 1$aHARRY,$bMyriam$0453591 801 0$aIT$bsalbc$gISBD 912 $a990002903870203316 951 $aXV.5. 844$b197612 LM$cXV.5. 959 $aBK 969 $aFG 979 $aSENATORE$b90$c20070416$lUSA01$h1351 979 $aSENATORE$b90$c20070416$lUSA01$h1354 979 $aSENATORE$b90$c20070416$lUSA01$h1355 979 $aSENATORE$b90$c20070416$lUSA01$h1355 996 $aVie amoureuse de Cleopatre$9989324 997 $aUNISA LEADER 01104nam a2200289 i 4500 001 991002698829707536 008 150311s2014 it 000 0 iba 020 $a9788868431150 035 $ab14218173-39ule_inst 040 $aDip.to di Storia, Società e Studi sull'Uomo$bita 082 04$a338.9457 082 04$a330.9457 100 1 $aSoriero, Giuseppe$089093 245 10$aSud, vent'anni di solitudine /$cGiuseppe Soriero 260 $aRoma :$bDonzelli,$c2014 300 $aXX, 234 p. ;$c20 cm 440 0$aInterventi 500 $aIn appendice: Il Sud utile all'Italia 504 $aInclude bibliografia (p. 217-230) e indice 650 4$aSviluppo economico$xInterventi statali$zItalia meridionale 651 4$aItalia meridionale$xEconomia$xInterventi statali 907 $a.b14218173$b20-05-15$c11-03-15 912 $a991002698829707536 945 $aLE023 338.945 SOR 1 1 $g1$i2023000135945$lle023$op$pE19.50$q-$rl$s- $t0$u0$v0$w0$x0$y.i15672967$z12-05-15 996 $aSud, vent'anni di solitudine$9256337 997 $aUNISALENTO 998 $ale022$b13-05-15$cm$da $e-$fita$git $h0$i0